00618nam a2200157 a 450000100100000000500170001000800410002704000250006824500870009326000990018030000200027950400300029904900090032995201050033899900170044300002842720200930054934.0110408s1974 dr 000 0 spa d aDO-SdBNPbspacBNPHU00aDiversificación y aumento de la producción agrícola en el Valle del Cibao /. aSantiago, República Dominicana :bPrograma de las Naciones Unidas para el Desarrollo,c1974. a45 p. ;c28 cm. aBibliografía : p. 44-45 aBNPD 0010718PDaPDbPDcCTd2011-04-08iLF1l0o p28427-10r2020-06-25w2020-06-25yLFPDZNo se presta c27919d27919